STORIA SAFFICA DI LUCISTELLA. DI UN GIORNALISTA INGLESE, DI UN UFFICIALE EVIRATO E DI UNA TARANTOLA. (Record n. 302471)
[ formato base ]
| 000 -LEADER | |
|---|---|
| fixed length control field | 01254nam a2200229Ia 4500 |
| 001 - CONTROL NUMBER | |
| control field | L942-43505 |
| 003 - CONTROL NUMBER IDENTIFIER | |
| control field | IT-CnALBA |
| 008 - FIXED-LENGTH DATA ELEMENTS--GENERAL INFORMATION | |
| fixed length control field | 170116s9999||||xx |||||||||||||| ||und|| |
| 040 ## - CATALOGING SOURCE | |
| Original cataloging agency | IT-CnALBA |
| Transcribing agency | IT-CnALBA |
| 041 ## - LANGUAGE CODE | |
| Language code of text/sound track or separate title | ITALIANO |
| 999 ## - SYSTEM CONTROL NUMBERS (KOHA) | |
| Koha Dewey Subclass [OBSOLETE] | NO |
| 100 ## - MAIN ENTRY--PERSONAL NAME | |
| Personal name | PALOSCIA ANNIBALE |
| 245 #0 - TITLE STATEMENT | |
| Title | STORIA SAFFICA DI LUCISTELLA. DI UN GIORNALISTA INGLESE, DI UN UFFICIALE EVIRATO E DI UNA TARANTOLA. |
| 250 ## - EDITION STATEMENT | |
| Edition statement | 1a ed. |
| 260 ## - PUBLICATION, DISTRIBUTION, ETC. (IMPRINT) | |
| Place of publication, distribution, etc. | LECCE |
| Name of publisher, distributor, etc. | MANNI PIETRO EDITORE |
| Date of publication, distribution, etc. | 1998 [1° Ed.:1998 - Ed.Ling.Originale: 1998] |
| 300 ## - PHYSICAL DESCRIPTION | |
| Extent | 167 p. |
| 500 ## - GENERAL NOTE | |
| General note | DA UN EPISTOLARIO DELL'OTTOCENTO. VOCE E CUORE. BELLEZZA DELL'ITALIA SEMPRE PREFERITA. VENDETTA, CONSIGLI DI MENEGHINO. MAGGI C.M. CANTILENA DI DEVOZIONE. PENSIERO SADICO, TI VOGLIO MORTO IN OGNI CASO. PRESENTE E PASSATO REMOTO. FUOCO IN GROTTA DI GHIACCI |
| 501 ## - WITH NOTE | |
| With note | Società San Paolo EM - Piazza San Paolo, 14 - 12051 ALBA (CN) (non commercial uses only) ® Copyright 2017 |
| 520 ## - SUMMARY, ETC. | |
| Summary, etc. | DA UN EPISTOLARIO DELL'OTTOCENTO. VOCE E CUORE. BELLEZZA DELL'ITALIA SEMPRE PREFERITA. VENDETTA, CONSIGLI DI MENEGHINO. MAGGI C.M. CANTILENA DI DEVOZIONE. PENSIERO SADICO, TI VOGLIO MORTO IN OGNI CASO. PRESENTE E PASSATO REMOTO. FUOCO IN GROTTA DI GHIACCI |
| 650 ## - SUBJECT ADDED ENTRY--TOPICAL TERM | |
| Topical term or geographic name as entry element | STORIA MODERNA |
| 942 ## - ADDED ENTRY ELEMENTS (KOHA) | |
| Koha item type | LIBRO |
| 957 ## - | |
| -- | 1 |
| 999 ## - SYSTEM CONTROL NUMBERS (KOHA) | |
| -- | Copie: 1 |
| Withdrawn status | Lost status | Damaged status | Not for loan | Home library | Current library | Date acquired | Total Checkouts | Full call number | Date last seen | Price effective from | Koha item type | Public note |
|---|---|---|---|---|---|---|---|---|---|---|---|---|
| Buone Condizioni | Not For Loan | ALBA - Biblioteca | ALBA - Biblioteca | 16/01/2017 | L942-43505 | 16/01/2017 | 16/01/2017 | LIBRO | (data import: 16 gennaio 2017) - By Epidotti, Vaglietti. |